| 000 | 00406nam a22001457a 4500 | ||
|---|---|---|---|
| 003 | OSt | ||
| 005 | 20160727222353.0 | ||
| 008 | 160622b xxu||||| |||| 00| 0 eng d | ||
| 040 | _cTEST | ||
| 100 |
_9446 _a Rising, G. R., et al |
||
| 245 | _aHeath Mathematics : Numbers,Patterns Projects | ||
| 260 |
_aLan _bD.C Heath & Comp. _c1973 |
||
| 300 | _aHeath Mathematics : Numbers,Patterns Projects | ||
| 942 |
_2ddc _cBK |
||
| 999 |
_c367 _d367 |
||